<?xml version="1.0" encoding="UTF-8"?>
<marc:record xmlns:marc="http://www.loc.gov/MARC21/slim">
   <marc:leader>00000nam a2200000 a 4500</marc:leader>
   <marc:datafield ind1="1" ind2=" " tag="100">
      <marc:subfield code="a">Schmidt-Macon, K. F.</marc:subfield>
      <marc:subfield code="4">aut</marc:subfield>
      <marc:subfield code="e">Verfasser/-in</marc:subfield>
   </marc:datafield>
   <marc:datafield ind1="1" ind2=" " tag="100">
      <marc:subfield code="a">Buschhüter, Hansherbert [Ill.]</marc:subfield>
      <marc:subfield code="4">aut</marc:subfield>
      <marc:subfield code="e">Verfasser/-in</marc:subfield>
   </marc:datafield>
   <marc:datafield ind1="0" ind2="0" tag="245">
      <marc:subfield code="a">Fabelhafte Begegnungen</marc:subfield>
   </marc:datafield>
   <marc:datafield ind1="0" ind2="0" tag="245">
      <marc:subfield code="c">K. F. Schmidt-Macon ; Hansherbert Buschhüter</marc:subfield>
   </marc:datafield>
   <marc:datafield ind1=" " ind2="1" tag="264">
      <marc:subfield code="a">Prien am Chiemsee</marc:subfield>
      <marc:subfield code="b">Ecora</marc:subfield>
      <marc:subfield code="c">1983</marc:subfield>
   </marc:datafield>
   <marc:datafield ind1="1" ind2=" " tag="520">
      <marc:subfield code="a">Jede Zeit hat ihre Fabeln. Die 'Fabelhaften Begegnungen' Schmidt-Mâcons machen auf eine unterhaltsame und ironische Art Tiefgründiges. Traig-Komisches sichtbar und enthüllen, nicht ohne List, menschliche Existenz in Zeit und Raum. Der Leser wird nicht mit billigen Antworten entlassen, sonder zu dem Abenteuer des eigenen Nachdenkens eingeladen.</marc:subfield>
   </marc:datafield>
   <marc:datafield ind1=" " ind2=" " tag="020">
      <marc:subfield code="a">3923437013</marc:subfield>
      <marc:subfield code="9">3923437013</marc:subfield>
   </marc:datafield>
   <marc:datafield ind1=" " ind2=" " tag="300">
      <marc:subfield code="a">144 S. : Ill.</marc:subfield>
   </marc:datafield>
</marc:record>
